00692nam a2200169 a 4500001001000000003000900010005001700019008004100036040002500077082003000102100003700132245011600169260004500285300003500330600009100365651006600456000021411DO-SdBNP20250630100924.0100907t1976 dr ac 001 0bspa d aDO-SdBNPbspacBNPHU a923.17293053bT866a, 19761 aArzeno Rodríguez, Luis,d1922-10aCosas de Trujillo y apuntes históricos, biográficos y anecdóticos dominicanos /cLuis Arzeno Rodríguez. aSanto DomingofImprenta Núñezc1976. a120 p. :bil., retr. ;c22 cm.10aTrujillo Molina, Rafael Leónidas,d1891-1961vAnécdotas, chistes y sátiras, etc. 0aRepública DominicanaxHistoria yEra de Trujillo, 1930-1961